The Lenin anthology
Here are the essentials of Lenin's writings, each of them introduced with a brief interpretive commentary. This book includes the works neccessary for an introduction to Lenin's revolutionary thought. Selections are presented in their fullest form, and "The State and Revolution"...
Gespeichert in:
| 1. Verfasser: | |
|---|---|
| Format: | Buch |
| Sprache: | Undetermined |
| Veröffentlicht: |
New York
W. W. Norton
1975
|
| Schlagworte: | |
| Tags: |
Tag hinzufügen
Keine Tags, Fügen Sie den ersten Tag hinzu!
|
| Thư viện lưu trữ: | Trung tâm Học liệu Trường Đại học Cần Thơ |
|---|
| LEADER | 01031nam a2200193Ia 4500 | ||
|---|---|---|---|
| 001 | CTU_18545 | ||
| 008 | 210402s9999 xx 000 0 und d | ||
| 082 | |a 335.430924 | ||
| 082 | |b L563 | ||
| 100 | |a Vladimir Il'ich Lenin (1870-1924) | ||
| 245 | 4 | |a The Lenin anthology | |
| 245 | 0 | |c Vladimir Il'ich Lenin (1870-1924) | |
| 260 | |a New York | ||
| 260 | |b W. W. Norton | ||
| 260 | |c 1975 | ||
| 520 | |a Here are the essentials of Lenin's writings, each of them introduced with a brief interpretive commentary. This book includes the works neccessary for an introduction to Lenin's revolutionary thought. Selections are presented in their fullest form, and "The State and Revolution" and "Lefs-Wing' Communism" in their entirety. A general introduction to the book traces Lenin's career as a revolutionary, both in writing and in action. Also included is a chronology, a bibliography note, and index | ||
| 650 | |a communists - biography,marxism | ||
| 904 | |i Minh, 970919 | ||
| 980 | |a Trung tâm Học liệu Trường Đại học Cần Thơ | ||